| 000 | 00568nam a2200169 i 4500 | ||
|---|---|---|---|
| 001 | 114623 | ||
| 003 | ES-MaACL | ||
| 005 | 20250828084004.0 | ||
| 007 | t| | ||
| 008 | 070315s1929 sz ||||1| fre d | ||
| 110 | 2 |
_aOficina Internacional de Educación _96022 |
|
| 245 | 1 | 0 | _aRapport sur le premier cours spécial pour les membres du personnel enseignant organisé par Le Bureau international d'education. |
| 260 |
_aGenève : _bBureau international d'education, _c[1929] |
||
| 300 |
_a68 p. ; _c24 cm. |
||
| 852 |
_aES-MaACL _j1742-F-6 |
||
| 999 |
_c114623 _d114623 |
||